[Event "Kazakhstan Cup Women 2020"]
[Site "Almaty"]
[Date "2020.12.15"]
[Round "6.3"]
[White "Kurmangaliyeva, Liya"]
[Black "Kairbekova, Amina"]
[Result "1-0"]
[WhiteElo "1974"]
[BlackElo "2065"]
[Annotator "TA"]
[PlyCount "59"]
[EventDate "2020.12.01"]
[EventType "tourn"]
[EventCountry "KAZ"]
[SourceTitle "playchess.com"]
[Source "ChessBase"]
[SourceQuality "1"]

{[%evp 13,59,-7,-2,2,27,22,36,30,47,41,37,35,26,24,31,30,45,35,38,17,20,13,20,20,10,0,-5,-17,24,32,66,62,212,212,227,219,399,402,451,427,452,434,556,556,547,528,2881,2805]} 1. d4 Nf6 2. c4 e6 3. Nc3 Bb4 4. e3 d5 5. Bd2 O-O 6. Rc1 b6 7. Nf3 Bb7 8. cxd5 {E51: Nimzo-Indian: Rubinstein: 4...0-0 5 Nf3 d5.} Bxc3 9. Bxc3 {Threatening dxe6.} exd5 10. Bd3 {White is slightly better.} Nbd7 11. O-O Ne4 12. Bb4 Re8 {[#]} 13. Nd2 $146 ({Predecessor:} 13. Qc2 Rc8 14. Rfd1 c5 15. dxc5 bxc5 16. Ba3 Qc7 17. Bxe4 dxe4 18. Nd2 Ne5 19. Qxc5 Qxc5 20. Rxc5 {1-0 (41) Agibileg,U (2413)-Tarasova,V (2226) chess.com INT 2020}) 13... Rc8 14. Ba3 Ndf6 15. Nf3 c5 16. Ne5 c4 17. Bb1 Nd7 18. Bxe4 Nxe5 19. Bf5 Nd7 $1 20. Re1 Rc6 (20... g6 $5 {[%cal Rg6f5]} 21. Bc2 Nf6 $11) 21. e4 $36 {[%mdl 2048] White has some pressure.} dxe4 22. Rxe4 ({Worse is} 22. Bxe4 Rce6 $17) 22... Rf6 {Loses the game.} (22... Rxe4 $14 23. Bxe4 Rc7 24. Bxb7 Rxb7) 23. Rxe8+ $18 Qxe8 {[#]} 24. Qe1 $1 {[%cal Re1e8]} Ne5 $2 (24... Qc8 {was called for.}) 25. Bh3 ({Not} 25. Qxe5 Qxe5 26. Bxh7+ (26. dxe5 Rxf5 27. Rd1 h5 $14) 26... Kxh7 $14) 25... Nf3+ 26. gxf3 {[%cal Re1e8] White is clearly winning.} Rg6+ 27. Kf1 {[%cal Re1e8]} Qb5 {[#] And now ...c3+ would win.} 28. Qe5 Qxe5 29. dxe5 Rh6 30. Rd1 {Weighted Error Value: White=0.03/Black=0.34} 1-0

[Event "Kazakhstan Cup Women 2020"]
[Site "Almaty"]
[Date "2020.12.15"]
[Round "6.4"]
[White "Kamalidenova, Meruert"]
[Black "Serikbay, Assel"]
[Result "1-0"]
[WhiteElo "2231"]
[BlackElo "2247"]
[Annotator "TA"]
[PlyCount "109"]
[EventDate "2020.12.01"]
[EventType "tourn"]
[EventCountry "KAZ"]
[SourceTitle "playchess.com"]
[Source "ChessBase"]
[SourceQuality "1"]

{[%evp 21,109,0,18,9,14,22,27,19,27,19,33,29,37,32,71,72,66,62,89,82,97,86,85,81,94,81,89,76,79,71,119,131,132,135,120,129,107,116,121,54,57,69,61,74,76,21,60,67,73,0,3,4,24,0,77,79,125,124,124,116,231,241,239,238,505,518,518,513,513,508,501,505,608,607,603,597,594,578,688,565,549,524,513,504,572,553,657,629,656,633]} 1. e4 e6 2. d4 d5 3. Nc3 Nf6 4. Bg5 Be7 5. e5 Nfd7 6. Bxe7 Qxe7 7. f4 a6 8. Nf3 c5 9. dxc5 Qxc5 10. Qd2 Nc6 11. a3 b5 12. Qf2 {C14: French: Classical System: 4 Bg5 Be7 main line.} Qxf2+ 13. Kxf2 Bb7 14. Bd3 {White has an edge.} Rc8 15. Ne2 Ke7 16. Ned4 {[#]} Na5 $146 ({Predecessor:} 16... Nc5 17. Ke3 Nb8 18. h4 Nbd7 19. h5 h6 20. g4 Ne4 21. Rag1 f6 22. b3 Rhg8 {0-1 (60) Guidarelli,L (2406)-Obsivac,J (2344) Roznov 2002}) 17. b4 Nc4 18. a4 bxa4 19. Rxa4 Ndb6 20. Ra2 Ra8 21. Rb1 Rhc8 22. g3 h6 23. Rba1 Nd7 24. Nb3 Rab8 25. Nfd4 f6 26. exf6+ gxf6 27. Re1 e5 28. Nf5+ Kf8 29. fxe5 fxe5 30. Ke2 (30. Rf1 $16) 30... e4 $14 31. Bxc4 Rxc4 32. Rf1 {Ne3+ is the strong threat.} Rxb4 33. Nbd4 (33. Nxh6+ $16 Kg7 34. Nf5+ Kf6 35. Ra5) 33... Ne5 34. Nxh6+ Ke7 35. c3 ({White should play} 35. h4 $16) 35... Rb6 $11 36. Nhf5+ Kd7 37. Ne3 Rh8 (37... a5 $11 38. Rf5 Ba6+ 39. Kd2 Bc4 40. Rxa5 Nf3+ 41. Nxf3 Rb2+ 42. Nc2 exf3) 38. h4 $16 {White now steadily converts the win.} Rg6 39. Rf5 Nd3 {Strongly threatening ...Nc1+.} 40. Ra1 (40. Rf7+ $6 Kc8 $14) 40... Rxg3 {[#]} (40... Kc8 $16) 41. Rf7+ $1 $18 Ke8 {[#]} (41... Kc8 $2 42. Ndf5 $18) 42. Raf1 $1 ({Not} 42. Rxb7 Rxh4 43. Kd2 (43. Rb8+ Kd7 $11) 43... Rh2+ 44. Ne2 Nf4 $14) 42... Rh3 $2 ({But not} 42... Rxh4 $2 43. Rf8+ Ke7 44. R1f7+ Kd6 45. Nef5+ Kc5 46. Nxh4 $18) (42... Bc8 43. Nc6 Nc1+ 44. Kd1 Rf3) 43. Rxb7 {White is clearly winning.} Rh2+ 44. Kd1 Rb2 45. Rxb2 Nxb2+ 46. Kc2 Nd3 47. Ndf5 Kd7 48. Nxd5 Ke6 49. Nde3 Ke5 50. Nc4+ Kd5 51. Nfe3+ Ke6 52. Ng2 Kd5 53. Nce3+ Kc5 54. Rf5+ Kb6 55. Nc4+ {Weighted Error Value: White=0.12/Black=0.28} 1-0

[Event "Kazakhstan Cup Women 2020"]
[Site "Almaty"]
[Date "2020.12.15"]
[Round "6.5"]
[White "Abdildayeva, Laura"]
[Black "Nurmanova, Alua"]
[Result "0-1"]
[WhiteElo "1845"]
[BlackElo "2026"]
[Annotator "TA"]
[PlyCount "56"]
[EventDate "2020.12.01"]
[EventType "tourn"]
[EventCountry "KAZ"]
[SourceTitle "playchess.com"]
[Source "ChessBase"]
[SourceQuality "1"]

{[%evp 15,56,30,33,34,27,3,17,-16,-2,-13,-19,-28,-17,-30,-42,-111,-106,-168,-179,-215,-200,-241,-218,-284,-285,-282,-291,-286,-232,-261,-274,-254,-251,-395,-402,-435,-431,-444,-475,-433,-381,-1126,-1081]} 1. d4 Nf6 2. Nf3 g6 3. Nc3 Bg7 4. e4 d6 5. Be2 O-O 6. O-O c6 7. a4 Qc7 8. Bf4 Nbd7 9. h3 {B08: Pirc Defence: Classical System.} e5 10. Bh2 Re8 {[#]} 11. Bd3 $146 {The position is equal.} ({Predecessor:} 11. dxe5 dxe5 12. Bc4 h6 13. Qe2 Bf8 14. Rad1 a6 15. Ra1 b6 16. Rfd1 Bb7 17. Ba2 {0-1 (48) Boos,P (2125)-Chernov,V (2445) St Leon Rot 2011}) 11... b6 12. Re1 a6 13. Bc4 Bb7 14. d5 b5 15. Ba2 (15. axb5 $15 cxb5 16. Bd3) 15... cxd5 $17 16. axb5 (16. Nxd5 $17 {was worth a try.} Nxd5 17. Bxd5) 16... d4 $19 ({Stronger than} 16... Nxe4 17. Nxd5 Qc5 18. Rxe4 $16) (16... dxe4 $6 17. Ng5 $15) 17. bxa6 Rxa6 ({Worse is} 17... dxc3 18. axb7 Qxb7 19. bxc3 $11) 18. Ng5 Rf8 ({Don't take} 18... dxc3 19. Bxf7+ Kh8 20. Bxe8 $17) 19. Bxf7+ Rxf7 20. Rxa6 Bxa6 21. Nxf7 Kxf7 22. Nd5 Nxd5 23. exd5 Nf6 24. f4 (24. Bg3 {was called for.}) 24... e4 (24... Nxd5 $2 25. fxe5 Bxe5 26. Qf3+ Nf6 27. Qf2 $19) 25. Bg3 Qc5 26. Qa1 Bb7 27. b4 Qxd5 28. Qa4 $2 {[#]} (28. c4 dxc3 29. Qxc3) 28... d3 {Black took control after the opening.  Weighted Error Value: White=0.51/Black=0.04} 0-1

[Event "Kazakhstan Cup Women 2020"]
[Site "Almaty"]
[Date "2020.12.16"]
[Round "7.1"]
[White "Balabayeva, Xeniya"]
[Black "Abdumalik, Zhansaya"]
[Result "0-1"]
[WhiteElo "2146"]
[BlackElo "2478"]
[Annotator "TA"]
[PlyCount "74"]
[EventDate "2020.12.01"]
[EventType "tourn"]
[EventCountry "KAZ"]
[SourceTitle "playchess.com"]
[Source "ChessBase"]
[SourceQuality "1"]

{[%evp 21,74,-6,-1,-6,-16,-15,36,36,36,36,36,33,33,25,26,10,17,16,13,0,0,0,0,7,0,-4,0,0,0,0,0,0,0,-143,0,-114,0,-123,-118,-89,-85,-115,-130,-123,-20,-191,-181,-566,-562,-612,-589,-29996,-29997,-29998,-29999]} 1. e4 {Wedberg,T} e5 2. Nf3 Nc6 3. Bb5 a6 4. Ba4 Nf6 5. O-O Be7 6. Re1 b5 7. Bb3 O-O 8. d4 d6 9. c3 Bg4 10. d5 Na5 11. Bc2 Qc8 12. Nbd2 {C91: Closed Ruy Lopez: 7...d6 8 c3 0-0 9 d4.} c6 13. b4 Nc4 ({Better is} 13... Nb7 $11) 14. Nxc4 $14 {White is slightly better.} bxc4 15. h3 {[#]} Bh5 $146 ({Predecessor:} 15... Bd7 16. dxc6 Qxc6 17. a4 Rfe8 18. Bg5 h6 19. Bxf6 Bxf6 20. a5 Rad8 21. Ba4 Qb7 {1-0 (61) Svidler,P (2735)-Bruzon Batista,L (2637) Mallorca 2004 CBM 104 [Wedberg,T]}) 16. dxc6 Qxc6 17. Bg5 h6 18. Ba4 Qc7 19. Bxf6 Bxf6 20. g4 Bg6 21. Qd5 Rac8 22. Rad1 Rfd8 23. Nd2 h5 24. Nf1 Bh4 25. Ne3 a5 26. bxa5 Qe7 27. Bc6 (27. Nxc4 $2 hxg4 28. hxg4 Qf6 $19) (27. a6 $1 $11 {keeps the balance.}) 27... hxg4 (27... Qf6 $1 $17 {[%cal Rf6f2]} 28. Rd2 Qf3 29. Nxc4 Qxh3) 28. hxg4 (28. Nxg4 $11 Bh5 29. Re2 (29. Qxc4 $2 Qc7 $19)) 28... Qf6 $1 $17 {[%cal Rf6f2]} 29. Rd2 (29. Nf5 $11 {was the only way to keep the balance.}) 29... Qf3 $36 {[%mdl 2048] Threatens to win with ...Rxc6! White is under strong pressure.} 30. Ng2 {[#]} Bg5 $1 ({But not} 30... Qxg4 31. Qxc4 Bg5 32. Rd3 $15) 31. Rde2 Qxg4 32. a6 {[#]} Rc7 (32... Bh5 $1 $17 {Strongly threatening ...Qh3.} 33. Re3 Bxe3 34. Rxe3 Qd1+ 35. Qxd1 Bxd1) 33. Rb2 $2 {Now White is beyond hope.} (33. Qb5 $11 {and White stays safe.}) 33... Qh3 34. Rb7 $2 (34. Qb5) 34... Rxb7 $19 35. Bxb7 Bh5 {( -> ...Bf3!)} 36. Qxc4 Bf3 {[%csl Gf3][%cal Rh3g2]} 37. Qf1 Bf4 {Weighted Error Value: White=0.68/Black=0.17} 0-1

[Event "Kazakhstan Cup Women 2020"]
[Site "Almaty"]
[Date "2020.12.16"]
[Round "7.2"]
[White "Serikbay, Assel"]
[Black "Nakhbayeva, Guliskhan"]
[Result "1/2-1/2"]
[WhiteElo "2247"]
[BlackElo "2328"]
[Annotator "TA"]
[PlyCount "157"]
[EventDate "2020.12.01"]
[EventType "tourn"]
[EventCountry "KAZ"]
[SourceTitle "playchess.com"]
[Source "ChessBase"]
[SourceQuality "1"]

{[%evp 14,157,54,54,43,39,39,49,53,52,44,55,69,16,62,9,7,-15,-2,0,20,16,3,0,43,48,62,30,85,79,72,64,69,67,191,24,24,24,16,15,28,9,40,33,39,41,70,17,20,0,0,-15,-15,-15,-16,-103,-103,-122,-56,-56,-25,-35,0,0,0,0,0,0,0,-14,-14,-12,-12,-16,0,0,0,0,0,0,11,-12,-12,-12,-12,-12,-8,-12,-12,-12,0,-8,-8,-12,0,-2,-2,-12,-12,-12,-12,-12,-12,-12,-12,-20,-20,-28,-28,-28,-28,-28,-28,-32,-32,-52,-52,-52,-52,-52,-52,-52,-52,-52,-52,-52,-52,-52,-52,-52,-52,-52,-52,-52,-52,-52,-52,-52,-52,-52,-52,-52,-52,-52,-52,-52]} 1. d4 Nf6 2. c4 e6 3. g3 d5 4. Nf3 dxc4 5. Bg2 a6 6. O-O Nc6 7. e3 Rb8 {The modern move.} 8. Nfd2 e5 {E04: Open Catalan: 5 Nf3.} 9. Bxc6+ bxc6 10. dxe5 Ng4 {White is slightly better.} 11. Nxc4 Be6 12. Nbd2 Bb4 13. Qe2 (13. b3 $14) 13... h5 14. h3 ({White should try} 14. b3 $14) 14... Bxd2 $11 {[#]} 15. Nxd2 $146 ({Predecessor:} 15. Bxd2 h4 16. hxg4 hxg3 17. fxg3 Qd5 18. e4 Qxc4 19. Qxc4 Bxc4 20. Rfb1 Bd3 21. Rd1 Bxe4 {0-1 (45) Muzychuk,M (2491)-Kosteniuk,A (2510) Warsaw 2013}) 15... Nxe5 16. f4 Bxh3 17. fxe5 {Black must now prevent Rf4.} Bxf1 18. Nxf1 ({But not} 18. Kxf1 h4 $17) 18... Qd5 19. b3 h4 20. Qg2 Qxe5 (20... a5 $11) 21. Bb2 Qe6 22. Rc1 Kd7 23. Rc4 h3 (23... hxg3 $14 24. Bxg7 Rhg8) 24. Qe4 $2 (24. Qf3 $18) 24... Qxe4 25. Rxe4 f6 26. Rg4 Rh7 27. Rd4+ Ke6 28. Rc4 {[%mdl 1024] White has compensation.} Rd8 29. Bd4 Rd6 30. Rc5 ({Better is} 30. Kh2 $14) 30... Kd7 31. Kh2 Rd5 32. Nd2 Rxc5 33. Bxc5 Ke6 34. b4 {[#]} (34. g4 $11 {keeps the balance.}) 34... Kf5 $1 $17 35. Nb3 Ke4 (35... Rh5 $17 36. Bf8 Kg4) 36. Bd4 $1 $15 Kd5 37. Nc5 Kc4 38. Nxa6 Kb5 39. Nxc7+ Kxb4 40. Ne6 Kc4 41. Nc5 f5 42. Ne6 g6 43. Nf8 {[%mdl 64] [#] Double Attack} Rh6 44. Bg7 Rh5 45. Nxg6 Rh7 (45... Rg5 $5 46. Ne5+ $8 {[%mdl 64] Double Attack} Kd5 $11) 46. Bb2 Kd5 47. Nh4 Ke4 48. Kxh3 c5 49. g4 Rb7 50. Bf6 {aiming for g5.} fxg4+ 51. Kxg4 Kxe3 52. Nf5+ Kd3 53. Nd6 Ra7 (53... Rb6 {seems wilder.} 54. Be5 c4 55. Nxc4 Kxc4 56. a4 Kd5) 54. Kf5 Rxa2 55. Ke6 (55. Nb7 {looks sharper.} Kc4 56. Nd6+ Kd5 57. Ne4 Ra3 58. Nc3+) 55... c4 56. Nxc4 Kxc4 $11 {[%mdl 4096] Endgame KR-KB} 57. Be5 Ra6+ 58. Kf5 Kd5 59. Bf4 Ra8 60. Be3 Rf8+ 61. Kg4 {Cut Off at move 61} Ke4 62. Bb6 Rg8+ 63. Kh3 Kf3 {[%cal Rg8h8] Black is slightly better.} 64. Kh2 Rh8+ 65. Kg1 Rh7 66. Bc5 Rc7 67. Bb6 Rc4 68. Ba7 Rc2 69. Bb6 Rg2+ 70. Kh1 $1 Rb2 71. Bc5 Rb1+ 72. Bg1 Rb5 73. Bh2 Kf2 74. Bg1+ Kg3 75. Bd4 Rh5+ 76. Kg1 Rd5 77. Bf2+ Kf3 {( -> ...Rd1+)} 78. Bb6 Rb5 79. Bd4 {Weighted Error Value: White=0.18/Black=0.10} 1/2-1/2

[Event "Kazakhstan Cup Women 2020"]
[Site "Almaty"]
[Date "2020.12.16"]
[Round "7.3"]
[White "Kairbekova, Amina"]
[Black "Kamalidenova, Meruert"]
[Result "0-1"]
[WhiteElo "2065"]
[BlackElo "2231"]
[Annotator "ChessBase"]
[PlyCount "136"]
[EventDate "2020.12.01"]
[EventType "tourn"]
[EventCountry "KAZ"]
[SourceTitle "playchess.com"]
[Source "ChessBase"]
[SourceQuality "1"]
[TimeControl "40/5400+30:1800+30"]

1. e4 {[%emt 0:00:00]} c5 {[%emt 0:00:00]} 2. Nc3 {[%emt 0:00:00]} d6 {[%emt 0:00:00]} 3. d4 {[%emt 0:00:00]} cxd4 {[%emt 0:00:00]} 4. Qxd4 {[%emt 0:00:00]} Nc6 {[%emt 0:00:17]} 5. Qd2 {[%emt 0:00:00]} g6 {[%emt 0:00:23]} 6. b3 {[%emt 0:00:00]} Bh6 {[%emt 0:00:24]} 7. f4 {[%emt 0:00:04]} f5 {[%emt 0:00:29]} 8. Bb2 {[%emt 0:00:06]} Nf6 {[%emt 0:00:20]} 9. Bd3 {[%emt 0:00:09]} Qa5 {[%emt 0:01:37]} 10. exf5 {[%emt 0:01:00]} Bxf5 {[%emt 0:01:27]} 11. Nge2 {[%emt 0:00:13]} O-O-O {[%emt 0:01:58]} 12. O-O-O {[%emt 0:00:12]} Bxd3 {[%emt 0:01:52]} 13. Qxd3 {[%emt 0:00:15]} Qf5 {[%emt 0:00:35]} 14. Qxf5+ {[%emt 0:13:48]} gxf5 {[%emt 0:00:08]} 15. Nd5 {[%emt 0:00:23]} Nxd5 {[%emt 0:01:01]} 16. Rxd5 {[%emt 0:00:09]} Rhg8 {[%emt 0:00:43]} 17. g3 {[%emt 0:13:47]} e6 {[%emt 0:02:03]} 18. Rd3 {[%emt 0:03:16]} Bg7 {[%emt 0:02:34]} 19. Bxg7 {[%emt 0:03:41]} Rxg7 {[%emt 0:00:09]} 20. Rhd1 {[%emt 0:00:27]} Kc7 {[%emt 0:01:47]} 21. c4 {[%emt 0:04:47]} h5 {[%emt 0:02:12]} 22. Nc3 {[%emt 0:01:27]} a6 {[%emt 0:00:56]} 23. Re1 {[%emt 0:01:31]} Rg6 {[%emt 0:01:46]} 24. Rde3 {[%emt 0:09:48]} Kd7 {[%emt 0:02:57]} 25. Ne2 {[%emt 0:04:08]} h4 {[%emt 0:05:22]} 26. gxh4 {[%emt 0:01:04]} Rh6 {[%emt 0:00:55]} 27. Ng3 {[%emt 0:03:52]} Rg8 {[%emt 0:02:11]} 28. h5 {[%emt 0:02:58]} b5 {[%emt 0:04:05]} 29. Rd1 {[%emt 0:03:28]} Kc7 {[%emt 0:03:08]} 30. Red3 {[%emt 0:02:15]} Rd8 {[%emt 0:01:14]} 31. Kb2 {[%emt 0:07:02]} bxc4 {[%emt 0:02:06]} 32. bxc4 {[%emt 0:00:10]} Na5 {[%emt 0:00:10]} 33. Kc3 {[%emt 0:00:59]} Nb7 {[%emt 0:00:10]} 34. Kd4 {[%emt 0:03:10]} Nc5 {[%emt 0:03:32]} 35. R3d2 {[%emt 0:00:09]} Rb8 {[%emt 0:01:27]} 36. Ke3 {[%emt 0:00:35]} Rb6 {[%emt 0:00:07]} 37. Kf3 {[%emt 0:05:03]} Rc6 {[%emt 0:01:21]} 38. Rb1 {[%emt 0:02:17]} Nd7 {[%emt 0:02:26]} 39. Rdb2 {[%emt 0:00:32]} Rxc4 {[%emt 0:05:23]} 40. Rb7+ {[%emt 0:00:00]} Kc6 {[%emt 0:00:00]} 41. Ra7 {[%emt 0:01:48]} Ra4 {[%emt 0:01:15]} 42. Ra8 {[%emt 0:23:10]} Nb6 {[%emt 0:07:30]} 43. Rb8 {[%emt 0:01:42]} Nd5 {[%emt 0:03:57]} 44. Rc1+ {[%emt 0:02:28]} Kd7 {[%emt 0:00:05]} 45. Rb7+ {[%emt 0:00:28]} Kd8 {[%emt 0:00:08]} 46. Rc6 {[%emt 0:03:27]} Ra3+ {[%emt 0:02:33]} 47. Rb3 {[%emt 0:04:04]} Rxa2 {[%emt 0:02:05]} 48. Rc4 {[%emt 0:09:54]} Ra5 {[%emt 0:02:22]} 49. Rb8+ {[%emt 0:01:55]} Ke7 {[%emt 0:00:30]} 50. Rb7+ {[%emt 0:02:10]} Kf6 {[%emt 0:00:36]} 51. Rb3 {[%emt 0:01:07]} Rh8 {[%emt 0:03:16]} 52. Rc6 {[%emt 0:00:20]} Ra4 {[%emt 0:00:49]} 53. Rxd6 {[%emt 0:00:23]} Rxf4+ {[%emt 0:00:14]} 54. Ke2 {[%emt 0:00:41]} Ra4 {[%emt 0:00:23]} 55. Rb7 {[%emt 0:00:37]} f4 {[%emt 0:00:29]} 56. Nf1 {[%emt 0:00:29]} Rxh5 {[%emt 0:00:21]} 57. Ra7 {[%emt 0:00:27]} Re5+ {[%emt 0:02:13]} 58. Kf3 {[%emt 0:00:33]} Ra3+ {[%emt 0:00:11]} 59. Kg4 {[%emt 0:00:29]} Re2 {[%emt 0:03:14]} 60. Raxa6 {[%emt 0:00:31]} Rxa6 61. Rxa6 {[%emt 0:00:05]} Rf2 {[%emt 0:00:12]} 62. Ng3 {[%emt 0:00:54]} fxg3 {[%emt 0:00:10]} 63. Kxg3 {[%emt 0:00:31]} Rf1 {[%emt 0:00:08]} 64. Ra8 {[%emt 0:00:13]} Rg1+ {[%emt 0:00:11]} 65. Kf3 {[%emt 0:00:00]} Rg7 {[%emt 0:00:08]} 66. h3 {[%emt 0:00:41]} Kf5 {[%emt 0:00:09]} 67. Ra4 {[%emt 0:00:40]} e5 {[%emt 0:00:21]} 68. Ra5 {[%emt 0:00:56]} Nf4 {[%emt 0:00:20]} 0-1

[Event "Kazakhstan Cup Women 2020"]
[Site "Almaty"]
[Date "2020.12.16"]
[Round "7.4"]
[White "Nurmanova, Alua"]
[Black "Kurmangaliyeva, Liya"]
[Result "0-1"]
[WhiteElo "2026"]
[BlackElo "1974"]
[Annotator "RC"]
[PlyCount "72"]
[EventDate "2020.12.01"]
[EventType "tourn"]
[EventCountry "KAZ"]
[SourceTitle "playchess.com"]
[Source "ChessBase"]
[SourceQuality "1"]
[TimeControl "40/5400+30:1800+30"]

1. e4 {[%emt 0:00:00]} c5 {[%emt 0:00:00]} 2. Nf3 {[%emt 0:00:00]} Nc6 {[%emt 0:00:00]} 3. d4 {[%emt 0:00:04]} cxd4 {[%emt 0:00:03]} 4. Nxd4 {[%emt 0:00:07]} Nf6 {[%emt 0:00:04]} 5. Nc3 {[%emt 0:00:06]} d6 {[%emt 0:00:13]} 6. Bc4 {[%emt 0:00:08]} Qb6 {[%emt 0:04:45]} 7. Nb3 {[%emt 0:01:07]} e6 {[%emt 0:00:19]} 8. Bf4 {[%emt 0:01:23]} Ne5 {[%emt 0:01:47]} 9. Be2 {[%emt 0:00:37]} a6 {[%emt 0:02:50]} 10. Qd2 {[%emt 0:07:18]} Be7 {[%emt 0:02:52]} 11. O-O-O {[%emt 0:10:33]} Qc7 {[%emt 0:01:53]} 12. g4 {[%emt 0:01:58]} b5 {[%emt 0:07:35]} 13. g5 {[%emt 0:06:57]} Nfd7 {[%emt 0:06:08]} 14. Qd4 {[%emt 0:09:29]} Bb7 {[%emt 0:06:06]} 15. h4 {[%emt 0:09:25]} O-O {[%emt 0:06:31]} 16. Bg3 {[%emt 0:08:26]} b4 {[%emt 0:05:26]} 17. Qxb4 {[%emt 0:12:30]} a5 {[%emt 0:00:19]} 18. Qd4 {[%emt 0:02:32]} a4 {[%emt 0:01:02]} 19. Nb5 {[%emt 0:04:51]} Qc6 {[%emt 0:06:19]} 20. Nd2 {[%emt 0:00:13]} Ba6 {[%emt 0:02:59]} 21. Nc3 {[%emt 0:00:44]} Bxe2 {[%emt 0:00:21]} 22. Nxe2 {[%emt 0:00:02]} Rfc8 {[%emt 0:00:09]} 23. c3 {[%emt 0:02:27]} Qb5 {[%emt 0:02:32]} 24. f4 {[%emt 0:13:00]} Nd3+ {[%emt 0:11:33]} 25. Kc2 {[%emt 0:00:09]} Nxb2 {[%emt 0:00:05]} 26. Rb1 {[%emt 0:00:17]} a3 {[%emt 0:00:23]} 27. Qe3 {[%emt 0:01:03]} Qa4+ {[%emt 0:01:35]} 28. Nb3 {[%emt 0:00:22]} Rc4 {[%emt 0:00:25]} 29. Ned4 {[%emt 0:01:37]} Rac8 {[%emt 0:00:48]} 30. Be1 {[%emt 0:00:33]} Bd8 {[%emt 0:01:33]} 31. Rxb2 {[%emt 0:05:48]} axb2 {[%emt 0:00:05]} 32. Kxb2 {[%emt 0:00:11]} Ra8 {[%emt 0:00:53]} 33. Nc1 {[%emt 0:00:33]} Bb6 {[%emt 0:02:01]} 34. Qe2 {[%emt 0:01:19]} Bxd4 {[%emt 0:00:09]} 35. Rh3 {[%emt 0:00:58]} Qa3+ {[%emt 0:02:13]} 36. Kb1 {[%emt 0:00:29]} Bxc3 {[%emt 0:00:16]} 0-1